000 00400nam a2200169Ia 4500
008 210210b1909 xxu||||| |||| 00| 0 eng d
041 _aeng
082 _a330/389
100 _aSEAGER (H R)
245 _aEconomics, briefer course
260 _aLondon
_bHenry Holt and Company
_c1909
650 _aEconomics,
650 _acourse
650 _abriefer
690 _aEconomics
906 _a003792
999 _c120738
_d120738